[Event "ICS rated blitz match"]
[Site "204.178.125.65"]
[Date "2000.03.29"]
[Round "?"]
[White "libertad"]
[Black "Hossa"]
[Result "0-1"]
[WhiteElo "2040"]
[BlackElo "2349"]
[PlyCount "60"]

1. e4 c5 2. Nf3 d6 3. Bc4 Nf6 4. c3 Nxe4 5. Qa4+ Nc6 6. Bxf7+ Kxf7 7. Qxe4 e5
8. d4 cxd4 9. cxd4 Nxd4 10. Nxd4 exd4 11. O-O Be7 12. Re1 Bf6 13. Qd5+ Kg6 14.
Qe4+ Bf5 15. Qxb7 Rf8 16. Na3 d5 17. Bf4 Rf7 18. Qb3 d3 19. Rad1 Qd7 20. Re3
Bh4 21. Bg3 Be7 22. Qc3 d4 23. Rxe7 Rxe7 24. Qd2 Re2 25. Qf4 Rae8 26. h4 Kf7
27. Rxd3 R2e4 28. Qf3 Re1+ 29. Kh2 Kg8 30. Qf4 Bxd3 0-1

[Event "ICS rated blitz match"]
[Site "204.178.125.65"]
[Date "2000.03.29"]
[Round "?"]
[White "Hossa"]
[Black "libertad"]
[Result "1-0"]
[WhiteElo "2354"]
[BlackElo "2035"]
[PlyCount "49"]

1. d4 d5 2. c4 e5 3. dxe5 d4 4. Nf3 Nc6 5. g3 Bg4 6. Bg2 Qd7 7. O-O O-O-O 8.
Qd3 h5 9. Bf4 Nge7 10. Ng5 Ng6 11. Bxc6 Qxc6 12. Nxf7 Nxf4 13. gxf4 Bc5 14. Nd2
h4 15. Nb3 Bh3 16. Qxh3+ Kb8 17. Qg4 h3 18. Nxh8 Rxh8 19. Qxg7 Rf8 20. Nxc5
Qxc5 21. b4 Qxb4 22. Rfb1 Qc5 23. Rb5 Qa3 24. Rb3 Qc5 25. Rxh3 1-0

[Event "ICS rated blitz match"]
[Site "204.178.125.65"]
[Date "2000.03.29"]
[Round "?"]
[White "libertad"]
[Black "Hossa"]
[Result "0-1"]
[WhiteElo "2031"]
[BlackElo "2358"]
[PlyCount "22"]

1. e4 e5 2. Nf3 Nc6 3. Bc4 Nf6 4. d4 exd4 5. e5 d5 6. Bb5 Ne4 7. Nxd4 Bc5 8.
Bxc6+ bxc6 9. b4 Nxf2 10. Kxf2 Qh4+ 11. Kf1 Bxd4 0-1

[Event "ICS rated blitz match"]
[Site "204.178.125.65"]
[Date "2000.03.29"]
[Round "?"]
[White "libertad"]
[Black "Hossa"]
[Result "0-1"]
[WhiteElo "2023"]
[BlackElo "2366"]
[PlyCount "28"]

1. e4 e5 2. Nf3 Nc6 3. Bc4 Nf6 4. d4 exd4 5. e5 d5 6. Bb5 Ne4 7. O-O Bg4 8.
Nxd4 Bxd1 9. Nxc6 Qd7 10. Nd4 c6 11. Ba4 Bh5 12. Nd2 b5 13. Bb3 Nxd2 14. Bxd2
c5 0-1

[Event "ICS rated blitz match"]
[Site "204.178.125.65"]
[Date "2000.03.29"]
[Round "?"]
[White "Hossa"]
[Black "BvdDonk"]
[Result "1-0"]
[WhiteElo "2370"]
[BlackElo "2117"]
[PlyCount "71"]

1. e4 c5 2. Nf3 e6 3. d4 cxd4 4. Nxd4 Nf6 5. Nc3 Nc6 6. Ndb5 d6 7. Bf4 e5 8.
Bg5 a6 9. Na3 b5 10. Bxf6 gxf6 11. Nd5 Bg7 12. c4 bxc4 13. Nxc4 O-O 14. Ncb6
Rb8 15. Nxc8 Rxc8 16. Rc1 Qa5+ 17. b4 Nxb4 18. Ne7+ Kh8 19. Rxc8 Rxc8 20. Nxc8
Nc2+ 21. Ke2 Nd4+ 22. Ke3 Qc3+ 23. Bd3 Bh6+ 24. f4 Bxf4+ 25. Kf2 Qxc8 26. g3
Bh6 27. Qh5 Bg7 28. Qxf7 h6 29. Rf1 Qc3 30. Bxa6 Qf3+ 31. Kg1 Qe3+ 32. Rf2 Qxe4
33. Bc4 Nf3+ 34. Rxf3 Qe1+ 35. Kg2 Qd2+ 36. Rf2 1-0

[Event "ICS rated blitz match"]
[Site "204.178.125.65"]
[Date "2000.03.29"]
[Round "?"]
[White "Nemeth-Z"]
[Black "Hossa"]
[Result "0-1"]
[WhiteElo "2201"]
[BlackElo "2385"]
[PlyCount "44"]

1. d4 Nf6 2. Nf3 d5 3. g3 c5 4. Bg2 cxd4 5. O-O Nc6 6. Nxd4 e5 7. Nxc6 bxc6 8.
c4 Rb8 9. Bg5 Rxb2 10. cxd5 cxd5 11. Bxf6 gxf6 12. Bxd5 Qc7 13. Nd2 Bh3 14. Re1
Bb4 15. Rc1 Qb8 16. Bc6+ Ke7 17. Ne4 Bxe1 18. Qxe1 Rxa2 19. Qc3 Qb6 20. Bd5 Ra5
21. Qc7+ Qxc7 22. Rxc7+ Kd8 0-1

[Event "ICS rated blitz match"]
[Site "204.178.125.65"]
[Date "2000.03.29"]
[Round "?"]
[White "Nemeth-Z"]
[Black "Hossa"]
[Result "0-1"]
[WhiteElo "2185"]
[BlackElo "2401"]
[PlyCount "122"]

1. c4 e5 2. Nc3 Nf6 3. g3 Bb4 4. Bg2 O-O 5. e3 Nc6 6. Nge2 d6 7. O-O Bg4 8. b3
Bxc3 9. dxc3 Qd7 10. Ba3 Bh3 11. Qd2 Bxg2 12. Kxg2 a6 13. f3 e4 14. f4 b5 15.
c5 dxc5 16. Qc2 Ng4 17. Bc1 Qd3 18. Qxd3 exd3 19. Ng1 Rfe8 20. Kf3 Nxh2+ 21.
Kg2 Nxf1 22. Kxf1 a5 23. Bd2 a4 24. b4 c4 25. a3 Rad8 26. Kf2 Rd5 27. Nf3 h6
28. Rh1 Re4 29. Rh2 Kf8 30. g4 Ke7 31. Rh3 Kd7 32. Rh1 f6 33. Rh2 Re8 34. Rg2
Re6 35. f5 Re4 36. Kg3 Ne5 37. Nxe5+ Rdxe5 38. Kf3 Kc6 39. Rh2 Re7 40. Rg2 Kd6
41. Rg1 Ke5 42. Rh1 Kd5 43. Re1 Kc6 44. Rd1 Re8 45. Re1 Kd6 46. Rf1 c6 47. Rb1
Kd5 48. Rh1 R8e5 49. Rg1 h5 50. Rg2 hxg4+ 51. Rxg4 Rxf5+ 52. Rf4 Rfxf4+ 53.
exf4 Re2 54. Be3 Rh2 55. f5 d2 56. Bxd2 Rxd2 57. Ke3 Rd3+ 58. Kf4 Rxc3 59. Kg4
Ke5 60. Kh5 Kxf5 61. Kh4 Rxa3 0-1

[Event "ICS rated blitz match"]
[Site "204.178.125.65"]
[Date "2000.03.29"]
[Round "?"]
[White "BigThunder"]
[Black "Hossa"]
[Result "1-0"]
[WhiteElo "2042"]
[BlackElo "2412"]
[PlyCount "113"]

1. e4 e5 2. Bc4 Nf6 3. d3 c6 4. Nf3 d5 5. Bb3 Bd6 6. Nc3 dxe4 7. Nxe4 Nxe4 8.
dxe4 O-O 9. O-O Bg4 10. c3 Na6 11. Be3 Qd7 12. Qe2 Nc7 13. Rad1 Qd8 14. h3 Bxf3
15. Qxf3 Qe7 16. Qg4 Ne6 17. Bxe6 fxe6 18. Bg5 Qd7 19. Rd3 c5 20. Rfd1 Qf7 21.
Rxd6 Qxf2+ 22. Kh2 Rae8 23. Rd7 h5 24. Qg3 Qxg3+ 25. Kxg3 Rb8 26. Rc7 Rfc8 27.
Rdd7 Rxc7 28. Rxc7 c4 29. Rxc4 Rf8 30. Rc7 Rf7 31. Rxf7 Kxf7 32. Kh4 g6 33. Bd8
Ke8 34. Bf6 Kf7 35. Kg5 h4 36. Bxe5 a6 37. Kxh4 Ke8 38. Kg5 Kf7 39. g4 b6 40.
h4 b5 41. b4 Ke7 42. Kxg6 a5 43. bxa5 Kd8 44. h5 Kd7 45. h6 Kc6 46. h7 Kc5 47.
h8=Q Kc4 48. Bd4 b4 49. Qc8+ Kd3 50. Qxe6 bxc3 51. Bxc3 Kxc3 52. Qd5 Kb4 53.
Qc6 Ka3 54. Qb5 Kxa2 55. a6 Ka3 56. a7 Ka2 57. a8=Q# 1-0

[Event "ICS rated blitz match"]
[Site "204.178.125.65"]
[Date "2000.03.29"]
[Round "?"]
[White "BigThunder"]
[Black "Hossa"]
[Result "0-1"]
[WhiteElo "2083"]
[BlackElo "2383"]
[PlyCount "34"]

1. e4 e5 2. Bc4 Nf6 3. d3 c6 4. Nf3 d5 5. Bb3 Bd6 6. Nc3 dxe4 7. Nxe4 Nxe4 8.
dxe4 O-O 9. O-O Bg4 10. Qe2 Nd7 11. Rd1 Nc5 12. h3 Bh5 13. Be3 Nxe4 14. Bxa7
Ng5 15. Bc5 Bxf3 16. gxf3 Nxh3+ 17. Kh2 Nf4 0-1

[Event "ICS rated blitz match"]
[Site "204.178.125.65"]
[Date "2000.03.29"]
[Round "?"]
[White "Hossa"]
[Black "BigThunder"]
[Result "0-1"]
[WhiteElo "2397"]
[BlackElo "2069"]
[PlyCount "152"]

1. e4 c5 2. c3 Nf6 3. e5 Nd5 4. d4 cxd4 5. Nf3 Nc6 6. cxd4 d6 7. Bc4 Nb6 8. Bb5
dxe5 9. Nxe5 Bd7 10. Bxc6 Bxc6 11. Nxc6 bxc6 12. O-O e6 13. Qg4 h5 14. Qe4 Qd5
15. Qd3 Be7 16. Nc3 Qc4 17. Qxc4 Nxc4 18. b3 Nb6 19. Be3 Nd5 20. Rac1 Nxc3 21.
Rxc3 Kd7 22. Rfc1 Rhc8 23. Rc4 a5 24. Bf4 Ra7 25. R4c2 Rb7 26. Be5 g6 27. Bg3
Rb5 28. Re2 Rd5 29. Rd1 c5 30. Red2 cxd4 31. Rxd4 Rxd4 32. Rxd4+ Ke8 33. Rc4
Rxc4 34. bxc4 Kd7 35. Bf4 Kc6 36. Be3 Bc5 37. Bc1 a4 38. Bg5 Kb6 39. Kf1 Ka5
40. Bd2+ Bb4 41. Bc1 Bc3 42. Ke2 Kb4 43. Kd3 Be5 44. g3 Bd6 45. f4 f5 46. Bb2
Bc5 47. Bc1 Bg1 48. h3 Bf2 49. Be3 Bxg3 50. Bc1 Kc5 51. Kc3 e5 52. Ba3+ Kc6 53.
fxe5 Bxe5+ 54. Kc2 g5 55. Bb2 Bxb2 56. Kd2 g4 57. hxg4 hxg4 58. Kd3 f4 59. Kd2
f3 60. Kd3 Kc5 61. Kd2 Bd4 62. Kd3 g3 63. Ke4 g2 64. Kxf3 g1=Q 65. Kf4 Qe3+ 66.
Kf5 Qe5+ 67. Kg4 Qf6 68. a3 Be3 69. Kg3 Qf4+ 70. Kg2 Qf2+ 71. Kh3 Qg1 72. Kh4
Bf2+ 73. Kh5 Kd6 74. Kh6 Ke6 75. c5 Kf6 76. c6 Qg6# 0-1

[Event "ICS rated blitz match"]
[Site "204.178.125.65"]
[Date "2000.03.29"]
[Round "?"]
[White "Lokolobo"]
[Black "Hossa"]
[Result "0-1"]
[WhiteElo "2367"]
[BlackElo "2369"]
[PlyCount "26"]

1. e4 e5 2. Nf3 Nc6 3. Bc4 Bc5 4. Nc3 Nf6 5. d3 O-O 6. Bg5 d6 7. Nd5 Na5 8. Nh4
Nxc4 9. dxc4 Bxf2+ 10. Kf1 Bxh4 11. Bxh4 Nxd5 12. Bxd8 Ne3+ 13. Ke2 Nxd1 0-1

[Event "ICS Rated blitz match"]
[Site "204.178.125.65"]
[Date "2000.03.29"]
[Round "?"]
[White "Hossa"]
[Black "ValPet54"]
[Result "1-0"]
[WhiteElo "2385"]
[BlackElo "2008"]
[PlyCount "35"]

1. e4 e5 2. Nf3 Nc6 3. Nc3 d6 4. Bb5 Bd7 5. O-O Nf6 6. d4 exd4 7. Nxd4 Nxd4 8.
Bxd7+ Qxd7 9. Qxd4 Be7 10. Rd1 O-O 11. e5 Ne8 12. Bf4 Qf5 13. Nd5 dxe5 14.
Nxe7+ Kh8 15. Bxe5 Qe6 16. Qb4 Nd6 17. Re1 Qxe7 18. Bxg7+ 1-0

[Event "ICS rated blitz match"]
[Site "204.178.125.65"]
[Date "2000.03.29"]
[Round "?"]
[White "Hossa"]
[Black "ValPet54"]
[Result "1-0"]
[WhiteElo "2391"]
[BlackElo "2002"]
[PlyCount "27"]

1. e4 e5 2. Nf3 d6 3. d4 Bg4 4. dxe5 Bxf3 5. gxf3 dxe5 6. Qxd8+ Kxd8 7. Nc3 Nc6
8. Be3 Bb4 9. O-O-O+ Ke7 10. Nd5+ Kf8 11. Nxb4 Nxb4 12. Bc5+ Ke8 13. Bxb4 c5
14. Bb5+ 1-0

[Event "ICS rated blitz match"]
[Site "204.178.125.65"]
[Date "2000.03.29"]
[Round "?"]
[White "Bannon"]
[Black "Hossa"]
[Result "0-1"]
[WhiteElo "2087"]
[BlackElo "2394"]
[PlyCount "42"]

1. e4 e6 2. d4 d5 3. Nc3 Bb4 4. e5 c5 5. a3 Bxc3+ 6. bxc3 Ne7 7. Bg5 Nbc6 8.
Nf3 O-O 9. Bd3 Bd7 10. O-O c4 11. Be2 Qc7 12. Ne1 Nf5 13. g4 Nfe7 14. Bh4 f6
15. f4 Ng6 16. Bg3 fxe5 17. fxe5 Rxf1+ 18. Bxf1 Rf8 19. Ng2 Qa5 20. Be1 Ngxe5
21. dxe5 Qc5+ 0-1

[Event "ICS rated blitz match"]
[Site "204.178.125.65"]
[Date "2000.03.29"]
[Round "?"]
[White "Hossa"]
[Black "Bannon"]
[Result "1-0"]
[WhiteElo "2399"]
[BlackElo "2082"]
[PlyCount "59"]

1. e4 c6 2. d4 d5 3. e5 Bf5 4. Nc3 h5 5. Bg5 Qb6 6. Na4 Qa5+ 7. c3 e6 8. Ne2 b5
9. Nc5 Bxc5 10. dxc5 Nd7 11. b4 Qa3 12. Bc1 Qa6 13. Bf4 Qa3 14. Bc1 Qa6 15. Bf4
Qa3 16. Bc1 Qa6 17. f4 Ne7 18. a4 bxa4 19. Ng3 Qb7 20. Nxh5 a5 21. Nxg7+ Kf8
22. Nxf5 Nxf5 23. Qxa4 Ke7 24. bxa5 Ng3 25. Rg1 Rxh2 26. Bd3 Rh4 27. a6 Qc7 28.
Qd4 Qa7 29. c4 Ke8 30. Be3 1-0

[Event "ICS rated blitz match"]
[Site "204.178.125.65"]
[Date "2000.03.29"]
[Round "?"]
[White "QueenMaxima"]
[Black "Hossa"]
[Result "0-1"]
[WhiteElo "2580"]
[BlackElo "2403"]
[PlyCount "99"]

1. d4 d5 2. c4 e6 3. Nc3 Nf6 4. Nf3 Bb4 5. Bg5 dxc4 6. e4 c5 7. Bxc4 cxd4 8.
Nxd4 Bxc3+ 9. bxc3 Qa5 10. Bb5+ Nbd7 11. Bxf6 Qxc3+ 12. Kf1 gxf6 13. h4 Qa5 14.
Qb3 Rb8 15. Nxe6 fxe6 16. Qxe6+ Kd8 17. Bxd7 Bxd7 18. Qxf6+ Kc7 19. Qf4+ Kb6
20. Qe3+ Ka6 21. f4 Rbc8 22. Kg1 Rc4 23. e5 Bg4 24. Qg3 Qc5+ 25. Kh2 h5 26. Qd3
b5 27. Rhf1 Rg8 28. a4 b4 29. a5 Be6 30. Ra2 Qd4 31. Qe2 Bg4 32. Qe1 Qe4 33.
Qd2 Be6 34. Qe2 b3 35. Qxe4 Rxe4 36. Rd2 Bc4 37. Rff2 Kxa5 38. Rd7 Rb8 39.
Rxa7+ Ba6 40. Rb2 Rxf4 41. g3 Re4 42. Re7 Re2+ 43. Rxe2 Bxe2 44. Ra7+ Kb4 45.
Ra1 b2 46. Rb1 Kb3 47. Kg1 Re8 48. Kf2 Rxe5 49. Kg2 Bg4 50. Kg1 0-1

[Event "ICS rated blitz match"]
[Site "204.178.125.65"]
[Date "2000.03.29"]
[Round "?"]
[White "Hossa"]
[Black "QueenMaxima"]
[Result "0-1"]
[WhiteElo "2427"]
[BlackElo "2556"]
[PlyCount "94"]

1. e4 c5 2. Nf3 d6 3. d4 cxd4 4. Nxd4 Nf6 5. Nc3 a6 6. Bg5 e6 7. f4 Qb6 8. Qd2
Qxb2 9. Rb1 Qa3 10. f5 b5 11. Bd3 Be7 12. fxe6 fxe6 13. Rb3 Qa5 14. O-O Bd8 15.
Qe3 e5 16. Bxf6 gxf6 17. Bxb5+ axb5 18. Ndxb5 Ra6 19. Nd5 Nd7 20. Qh6 Rc6 21.
Qh5+ Kf8 22. Qh6+ Kf7 23. Qh5+ Kg7 24. Rg3+ Kf8 25. Qh6+ Ke8 26. Rg7 Bb6+ 27.
Kh1 Qxb5 28. Re7+ Kd8 29. Rxd7+ Bxd7 30. Qxf6+ Kc8 31. Qxh8+ Kb7 32. Re1 Rxc2
33. Qxh7 Rf2 34. Rg1 Rxg2 35. Re1 Rf2 36. Nxb6 Kxb6 37. Kg1 Qc5 38. Kh1 Bg4 39.
Rb1+ Ka5 40. Rb5+ Kxb5 41. Qb7+ Kc4 42. Qb3+ Kd4 43. Kg1 Rd2 44. Qd5+ Qxd5 45.
exd5 Bh3 46. a3 Ke3 47. Kh1 Rd1# 0-1

[Event "ICS rated blitz match"]
[Site "204.178.125.65"]
[Date "2000.03.29"]
[Round "?"]
[White "QueenMaxima"]
[Black "Hossa"]
[Result "0-1"]
[WhiteElo "2566"]
[BlackElo "2417"]
[PlyCount "214"]

1. e4 e5 2. Nf3 Nc6 3. Bb5 a6 4. Ba4 Nf6 5. O-O Nxe4 6. d4 b5 7. Bb3 d5 8. dxe5
Be6 9. c3 Bc5 10. Nbd2 O-O 11. Bc2 Nxf2 12. Rxf2 f6 13. exf6 Bxf2+ 14. Kxf2
Qxf6 15. Kg1 Bf5 16. Bxf5 Qxf5 17. Nf1 Qf7 18. Ne3 Rad8 19. Bd2 d4 20. cxd4
Nxd4 21. Ng5 Qe7 22. Nh3 c5 23. Nf2 Qg5 24. Ne4 Qe5 25. Ng3 Qe6 26. Qe1 Rf7 27.
Qc1 Qd6 28. Ba5 Rdf8 29. Kh1 Rf4 30. Qe1 Qc6 31. Rd1 Qe6 32. b3 g6 33. Rd3 c4
34. bxc4 Nc2 35. Qg1 bxc4 36. Rc3 Nxe3 37. Rxe3 Qd7 38. Bb4 Rb8 39. Re7 Qd4 40.
Qe1 Rf7 41. Re6 Qd7 42. a3 Rd8 43. Ba5 Rdf8 44. Rxa6 Qd3 45. Kg1 Qd4+ 46. Kh1
Qd3 47. Qg1 Qxa3 48. Qd1 c3 49. Qg1 c2 50. Rc6 Qxa5 51. Rxc2 Qb5 52. Rc5 Qb2
53. Qd1 Qb4 54. Qg1 Qb3 55. Qe1 Qd3 56. Rc1 Qd4 57. Qe6 Kh8 58. Qe1 Rf2 59. Rc7
Qb2 60. Qg1 Kg8 61. Re7 Rc2 62. Re6 Rc1 63. Re1 Rcc8 64. Re2 Qa3 65. Re3 Qc5
66. Qe1 Qc1 67. Kg1 Qb2 68. Ne2 Rce8 69. Rxe8 Rxe8 70. Kf1 Qf6+ 71. Kg1 Qe5 72.
Kf1 Rf8+ 73. Kg1 Qe3+ 74. Kh1 Rf2 75. Qd1 Qxe2 76. Qd5+ Kg7 77. Qd4+ Rf6 78.
Qd7+ Rf7 79. Qd4+ Kg8 80. Qd8+ Rf8 81. Qd5+ Kg7 82. Qd7+ Kh6 83. Qh3+ Qh5 84.
Qe3+ Qg5 85. Qh3+ Kg7 86. Qd7+ Rf7 87. Qd4+ Kh6 88. Qd1 Rc7 89. h4 Qxh4+ 90.
Kg1 Qf4 91. Qf3 Rc1+ 92. Kf2 Rf1+ 93. Kxf1 Qxf3+ 94. gxf3 Kg5 95. Ke1 h5 96.
Kf1 Kf4 97. Kf2 g5 98. Kg2 h4 99. Kf2 h3 100. Kg1 Kxf3 101. Kf1 h2 102. Ke1
h1=Q+ 103. Kd2 Qa1 104. Kd3 Qa4 105. Kc3 Ke3 106. Kb2 Kd3 107. Kc1 Qa1# 0-1

[Event "ICS rated blitz match"]
[Site "204.178.125.65"]
[Date "2000.03.29"]
[Round "?"]
[White "Hossa"]
[Black "BigThunder"]
[Result "1-0"]
[WhiteElo "2447"]
[BlackElo "2105"]
[PlyCount "47"]

1. e4 c5 2. Nf3 Nc6 3. d4 cxd4 4. Nxd4 Nf6 5. Nc3 e5 6. Ndb5 d6 7. Bg5 a6 8.
Na3 b5 9. Bxf6 gxf6 10. Nd5 f5 11. Bd3 Be6 12. O-O Bg7 13. Qh5 f4 14. c4 bxc4
15. Bxc4 Kf8 16. Rac1 Nd4 17. Nc2 Nxc2 18. Rxc2 Qa5 19. b3 Qd8 20. Nc7 Bxc4 21.
Rxc4 Ra7 22. Nd5 h6 23. Rfc1 Ra8 24. Qh3 1-0

[Event "ICS rated blitz match"]
[Site "204.178.125.65"]
[Date "2000.03.29"]
[Round "?"]
[White "BigThunder"]
[Black "Hossa"]
[Result "1-0"]
[WhiteElo "2093"]
[BlackElo "2459"]
[PlyCount "57"]

1. e4 e5 2. Bc4 Bc5 3. Nf3 Nc6 4. c3 Nf6 5. d4 exd4 6. O-O dxc3 7. Nxc3 O-O 8.
Bg5 h6 9. Bh4 d6 10. Nd5 g5 11. Nxg5 Nxd5 12. Qh5 hxg5 13. Bxg5 Nf4 14. Qh6 Ne6
15. Bf6 Qxf6 16. Qxf6 Bd4 17. Qh4 Bxb2 18. Rab1 Bg7 19. Rb3 Ned4 20. Rg3 Ne5
21. Rd1 c5 22. Rxd4 cxd4 23. f4 d5 24. fxe5 Bf5 25. exf5 f6 26. Bxd5+ Rf7 27.
Qxf6 Kh7 28. Qxf7 a5 29. Qxg7# 1-0

[Event "ICS rated standard match"]
[Site "204.178.125.65"]
[Date "2000.03.29"]
[Round "?"]
[White "Boericke"]
[Black "Hossa"]
[Result "0-1"]
[WhiteElo "2033"]
[BlackElo "2316"]
[PlyCount "60"]

1. d4 Nf6 2. Nf3 e6 3. Bg5 c5 4. e3 d5 5. c3 Be7 6. Bd3 c4 7. Bc2 h6 8. Bh4 Nc6
9. O-O g5 10. Bg3 Nh5 11. Ne5 Nxg3 12. hxg3 Nxe5 13. dxe5 Bd7 14. b3 Qc7 15.
bxc4 dxc4 16. f4 Bc5 17. Qf3 Qb6 18. Re1 Bc6 19. Be4 Bxe4 20. Qxe4 Qb2 21. Qxc4
b6 22. Qa4+ Ke7 23. Nd2 Qxd2 24. Rad1 Qxc3 25. Qd7+ Kf8 26. Re2 Bxe3+ 27. Kh2
gxf4 28. Rd3 Qxe5 29. gxf4 Qh5+ 30. Kg3 Rg8# 0-1

[Event "ICS rated blitz match"]
[Site "204.178.125.65"]
[Date "2000.03.29"]
[Round "?"]
[White "HaraldLdahl"]
[Black "Hossa"]
[Result "0-1"]
[WhiteElo "2190"]
[BlackElo "2436"]
[PlyCount "31"]

1. d4 Nf6 2. Nf3 e6 3. e3 b6 4. Bd3 Bb7 5. O-O c5 6. c3 Bxf3 7. Qxf3 d5 8. Nd2
Nc6 9. Rd1 Qc7 10. dxc5 Bxc5 11. h3 O-O 12. e4 Ne5 13. Qe2 Nxd3 14. Qxd3 Rad8
15. exd5 Rxd5 16. Qf1 0-1

[Event "ICS rated standard match"]
[Site "204.178.125.65"]
[Date "2000.03.29"]
[Round "?"]
[White "Hossa"]
[Black "vovaaku"]
[Result "0-1"]
[WhiteElo "2321"]
[BlackElo "2133"]
[PlyCount "108"]

1. e4 e5 2. Nf3 Nc6 3. Nc3 Nf6 4. Nxe5 Nxe5 5. d4 Nc6 6. d5 Nb8 7. e5 Qe7 8.
Qe2 Ng8 9. d6 cxd6 10. Nd5 Qxe5 11. Nc7+ Kd8 12. Nxa8 b6 13. Qxe5 dxe5 14. f4
e4 15. Bc4 f5 16. Be3 Bc5 17. Bxc5 bxc5 18. Bd5 Nf6 19. O-O-O Na6 20. Be6 g6
21. Bc4 Nb4 22. a3 Nc6 23. Rd6 Rf8 24. Rxc6 dxc6 25. Rd1+ Nd7 26. Be6 Re8 27.
Bxd7 Bxd7 28. a4 Re7 29. b4 Kc8 30. bxc5 Kb7 31. Nb6 axb6 32. cxb6 Kxb6 33. Rd4
Be6 34. Rb4+ Ka5 35. c3 Bd5 36. Kd1 e3 37. Ke1 Bxg2 38. Rb8 Kxa4 39. Rb4+ Ka3
40. Ke2 Bd5 41. h4 h5 42. Kf1 Re4 43. Rxe4 Bxe4 44. Ke2 Kb3 45. c4 Kxc4 46.
Kxe3 Kc3 47. Kf2 Kd2 48. Kf1 c5 49. Kg1 c4 50. Kf2 c3 51. Kg3 c2 52. Kh2 c1=Q
53. Kg3 Qg1+ 54. Kh3 Qg2# 0-1

[Event "ICS rated standard match"]
[Site "204.178.125.65"]
[Date "2000.03.29"]
[Round "?"]
[White "vovaaku"]
[Black "Hossa"]
[Result "0-1"]
[WhiteElo "2235"]
[BlackElo "2315"]
[PlyCount "36"]

1. e4 e5 2. Nf3 Nc6 3. Bb5 a6 4. Ba4 Nf6 5. O-O Be7 6. Re1 b5 7. Bb3 O-O 8. c3
d5 9. exd5 Nxd5 10. Nxe5 Nxe5 11. Rxe5 c6 12. d4 Bd6 13. Re1 Qh4 14. g3 Qh3 15.
Nd2 Bg4 16. f3 Bxg3 17. hxg3 Qxg3+ 18. Kh1 Nf4 0-1

[Event "ICS Rated blitz match"]
[Site "204.178.125.65"]
[Date "2000.03.29"]
[Round "?"]
[White "Hossa"]
[Black "PostModernist"]
[Result "0-1"]
[WhiteElo "2442"]
[BlackElo "2560"]
[PlyCount "148"]

1. d4 d5 2. c4 e6 3. Nc3 c6 4. e3 Nf6 5. Nf3 Nbd7 6. cxd5 exd5 7. Bd3 Bd6 8.
O-O O-O 9. Re1 Re8 10. e4 dxe4 11. Nxe4 Nxe4 12. Rxe4 Rxe4 13. Bxe4 Nf6 14. Bg5
Be6 15. Qd3 h6 16. Bxf6 Qxf6 17. Re1 Rd8 18. Rd1 Qf4 19. g3 Qg4 20. Re1 Bb4 21.
Bh7+ Kh8 22. Re4 Qh5 23. Re5 g5 24. a3 Bg4 25. axb4 Bxf3 26. Re7 g4 27. Bf5 Qg5
28. Re3 Qf6 29. Re5 Qd6 30. b5 Kg7 31. bxc6 Bxc6 32. Qe2 Bf3 33. Qe1 Qxd4 34.
Re7 Qxb2 35. Bd7 h5 36. h3 gxh3 37. Kh2 Qf6 38. Qe3 Bg4 39. Bxg4 hxg4 40. Rxb7
Rd3 41. Qe2 Rf3 42. Rb2 a5 43. Rd2 a4 44. Kg1 a3 45. Qe4 Qg6 46. Qb4 Qe6 47.
Rd4 Kh7 48. Rxg4 a2 49. Rh4+ Kg6 50. Qg4+ Qxg4 51. Rxg4+ Kf5 52. Ra4 h2+ 53.
Kxh2 Rxf2+ 54. Kh3 Ke5 55. Kg4 f6 56. Ra8 Kd4 57. Ra3 Kc4 58. Kh4 Kb4 59. Ra6
Kb3 60. Kh5 Rf3 61. g4 Rf4 62. Rb6+ Ka3 63. Ra6+ Ra4 64. Rxf6 a1=Q 65. g5 Qd1+
66. Kh6 Ra7 67. Re6 Qd3 68. g6 Qh3+ 69. Kg5 Ra5+ 70. Re5 Rxe5+ 71. Kf6 Qf5+ 72.
Kg7 Re7+ 73. Kh6 Qf4+ 74. Kh5 Re5# 0-1

[Event "ICS rated standard match"]
[Site "204.178.125.65"]
[Date "2000.03.29"]
[Round "?"]
[White "Hossa"]
[Black "vovaaku"]
[Result "1-0"]
[WhiteElo "2319"]
[BlackElo "2193"]
[PlyCount "119"]

1. e4 e5 2. Nf3 Nc6 3. Nc3 Nf6 4. Nxe5 Nxe5 5. d4 Ng6 6. e5 Ng8 7. Bc4 d6 8.
Qf3 Be6 9. Bxe6 fxe6 10. Qxb7 dxe5 11. Nb5 Bd6 12. Bg5 Qc8 13. Qxc8+ Rxc8 14.
Nxa7 Rb8 15. O-O-O Nf6 16. Rhe1 Kf7 17. Nc6 Rb6 18. Nxe5+ Bxe5 19. dxe5 Nd5 20.
c4 Nde7 21. Kb1 Rhb8 22. Bc1 Rc6 23. Re4 Rc5 24. f4 Rb4 25. b3 Rb8 26. g4 Ke8
27. Kb2 Nc6 28. Bd2 Na5 29. Ka3 Ra8 30. Kb4 Rc6 31. Kc3 Nb7 32. Ra1 Nc5 33.
Ree1 Rca6 34. Be3 Nd7 35. Re2 Ne7 36. h4 Ng8 37. a4 Nh6 38. Rg2 Rc6 39. Bg1 Nc5
40. a5 Nb7 41. b4 Rca6 42. c5 c6 43. Rd1 Rd8 44. Bd4 Ng8 45. f5 Ne7 46. fxe6
Nd5+ 47. Kb3 Ke7 48. Rf1 Kxe6 49. Rd2 Rd7 50. Rf8 Rf7 51. Re8+ Re7 52. Rh8 h6
53. Rf2 Rf7 54. Rxf7 Kxf7 55. e6+ Kxe6 56. Bxg7 Nc7 57. Rxh6+ Kf7 58. Bc3 Kg8
59. Rh8+ Kf7 60. Rh7+ 1-0

[Event "ICS rated standard match"]
[Site "204.178.125.65"]
[Date "2000.03.29"]
[Round "?"]
[White "pokemaniac"]
[Black "Hossa"]
[Result "0-1"]
[WhiteElo "1974"]
[BlackElo "2322"]
[PlyCount "66"]

1. c4 e5 2. Nf3 e4 3. Nd4 Nc6 4. Nxc6 dxc6 5. Nc3 Nf6 6. d4 exd3 7. exd3 Bc5 8.
Be2 Bd4 9. Be3 O-O 10. O-O Re8 11. Qd2 c5 12. Nb5 Be5 13. d4 cxd4 14. f4 Nd5
15. cxd5 dxe3 16. Qc2 Bd6 17. Rac1 g6 18. Qc3 Bf5 19. Rcd1 a6 20. Nxd6 cxd6 21.
Rc1 Rc8 22. Qd4 Rxc1 23. Rxc1 Qa5 24. Rd1 Qxa2 25. Qf6 Qb3 26. Kh1 Qc2 27. Bf3
Be4 28. Qc3 Qxc3 29. bxc3 Bxf3 30. gxf3 Rc8 31. Rd3 e2 32. Re3 Rxc3 33. Rxe2
Rxf3 0-1

[Event "ICS Rated blitz match"]
[Site "204.178.125.65"]
[Date "2000.03.29"]
[Round "?"]
[White "PostModernist"]
[Black "Hossa"]
[Result "1-0"]
[WhiteElo "2577"]
[BlackElo "2431"]
[PlyCount "129"]

1. e4 e5 2. d4 exd4 3. Nf3 Nc6 4. Nxd4 Bc5 5. Nxc6 bxc6 6. Bd3 d6 7. O-O Nf6 8.
Nc3 O-O 9. Na4 Bg4 10. Be2 Bxe2 11. Qxe2 Nd7 12. Qg4 Ne5 13. Qg3 Bb6 14. b4 Qc8
15. Bb2 Re8 16. Nxb6 cxb6 17. f4 Ng6 18. Bxg7 Kxg7 19. f5 Rxe4 20. fxg6 hxg6
21. Qxd6 Qe6 22. Qg3 Kg8 23. a3 Qe5 24. Qf3 Qe6 25. Rad1 Re8 26. Qg3 Qe7 27.
Qc3 Qe6 28. Qg3 Re3 29. Rf3 Rxf3 30. Qxf3 Qc4 31. h3 Qxc2 32. Rd7 Qc4 33. Rxa7
c5 34. Rb7 cxb4 35. axb4 Qd4+ 36. Kh2 Qd6+ 37. Qg3 Qxb4 38. Qc7 Rf8 39. Rxb6
Qe1 40. Qf4 Qd1 41. Rd6 Qc2 42. Rd7 Qa2 43. Re7 Ra8 44. Qf3 Rd8 45. Qf6 Ra8 46.
Qf4 Rd8 47. Qg5 Rc8 48. h4 Qf2 49. Re4 Rc3 50. Rf4 Qd2 51. Qf6 Rc8 52. Qxf7+
Kh8 53. Qf6+ Kh7 54. h5 Qxf4+ 55. Qxf4 Rc6 56. Qe4 Ra6 57. Qb7+ Kh6 58. Qxa6
Kxh5 59. Qf6 Kh6 60. Kh3 Kh7 61. Qf7+ Kh8 62. Kh4 g5+ 63. Kh5 g4 64. Kh6 g3 65.
Qe8# 1-0

[Event "ICS rated standard match"]
[Site "204.178.125.65"]
[Date "2000.03.29"]
[Round "?"]
[White "Hossa"]
[Black "Gunsbergs"]
[Result "1-0"]
[WhiteElo "2326"]
[BlackElo "2003"]
[PlyCount "33"]

1. c4 c6 2. d4 Nf6 3. Bf4 d6 4. Nc3 Nbd7 5. Nf3 Nh5 6. Bd2 f5 7. e4 fxe4 8.
Nxe4 Nhf6 9. Neg5 Nb6 10. Qe2 Qd7 11. g3 h6 12. Bh3 Ng4 13. Ne4 h5 14. c5 Qe6
15. cxb6 axb6 16. Nfg5 Qf5 17. Nxd6+ 1-0

[Event "ICS rated standard match"]
[Site "204.178.125.65"]
[Date "2000.03.29"]
[Round "?"]
[White "Gunsbergs"]
[Black "Hossa"]
[Result "0-1"]
[WhiteElo "1999"]
[BlackElo "2330"]
[PlyCount "54"]

1. e4 e5 2. Nf3 Nc6 3. Bb5 a6 4. Ba4 Nf6 5. O-O Be7 6. Re1 b5 7. Bb3 O-O 8. h3
d5 9. exd5 Nxd5 10. Nxe5 Nxe5 11. Rxe5 c6 12. d3 Be6 13. c4 Nb4 14. Rxe6 fxe6
15. d4 Bf6 16. Be3 bxc4 17. Bxc4 Nd5 18. Nc3 Qb6 19. Na4 Qb4 20. b3 Be7 21. Qg4
Rf6 22. h4 Nxe3 23. fxe3 Qd2 24. Bxe6+ Kh8 25. Qe4 Qf2+ 26. Kh1 Bd6 27. Bc4 Qg3
0-1